Größte Länder im Jahr 1500 - Statistiken

Allgemein
  • Dieses Quiz wurde 328 mal gespielt
  • Das Durchschnittsergebnis liegt bei 7 aus 15
Antwortstatistiken
Population Großes Land im Jahre 1500 % Korrekt
125 000 000 Ming-Dynastie
92%
16 250 000 Domänen der französischen Krone
87%
8 550 000 Spanisches Reich
86%
11 000 000 Osmanisches Reich
75%
3 000 000 Königreich Portugal
73%
17 000 000 Ashikaga-Shōgunat
64%
2 750 000 Krone von England
60%
16 000 000 Das Heilige Römische Reich
58%
7 500 000 Polnisch-litauische Union
53%
4 000 000 Union des Königreichs Ungarn und des Königreichs Kroatien
29%
12 000 000 Inka-Reich
21%
6 000 000 Aztekenreich
19%
2 000 000 Königreich Neapel
14%
2 000 000 Kirchenstaat
10%
4 000 000 Vijayanagar
1%
Keine übereinstimmenden Quizze gefunden
Verteilung der Resultate
Anzahl Personen mit jedem Resultat
Perzentil nach korrekt beantworteten Fragen
Ihre Resultats-Entwicklung
Sie haben dieses Quiz noch nicht gespielt